000 00907nam a2200229Ia 4500
999 _c3394
_d3394
003 OSt
005 20200413164450.0
008 191128s1977 ck gr 000 0 spa d
040 _aCO-JMCR
_cCO-JMCR
041 0 _aspa
082 0 4 _a323.3 /
_223
_bM757c
100 1 _aMontaña Cuellar, Diego,
_eautor
_92979
245 1 0 _aColombia :
_bpaís formal y país real /
_cDiego Montaña Cuellar
250 _aTercera edición
260 _aBogotá :
_bEditorial Latina,
_c1977
300 _a295 páginas ;
_c24 cm.
505 0 _aLa Atenas suramericana -- La realidad física y social de Colombia en la época primitiva -- La lucha por la integración de la burguesía -- El capitalismo en el marco del imperialismo -- La república liberal -- El desarrollo capitalista
650 1 4 _aLuchas sociales
_92980
650 1 4 _aComunismo
_zColombia
_92981
650 1 4 _aPolítica
_zColombia
_92982
942 _2ddc
_cBK